Quiz sur le Brésil - Statistiques

Statistiques générales
  • Ce quiz a été pris 24 fois
  • Le résultat moyen est 3 sur 15
Statistiques - réponses
questions response tsais le mec % Correct
combien de coupe du monde a le Brésil 10/5
84%
Quel est le nom du fameux monument Christ Rédempteur
68%
sur quel sommet il se situe Corcovado
47%
en 2015 un bresilien marque en final de ldc qui est il neymar jr
47%
quel joueur n'est pas brésilien neymar, andrey, r9, ronaldinho ou falaye sacko falaye sacko
21%
vitor roque ou endrick vitor roque
16%
quel est le club de florianopolis avai fc
5%
Quelle est la plus belle ville Florianopolis
5%
Quel est la compagnie aérienne brésilienne Gol
5%
Quelle est la plus belle plage Jurere
5%
Qui est le footballeur connu pour etre l'un des meilleurs de l'histoire Marlon gomes
5%
oui ou non peut etre
5%
quel est le premier objet datant de la préhistoire trouvé au Brésil les chaussures à Pelé
0%
Qui a découvert le Brésil pas moi
0%
Qu'est ce qu'une brésilienne une femme habitant au brésil
0%
Aucun quiz correspondant
Distribution des résultats
% des personnes avec chaque résultat
Percentile par nombre de réponses
Votre historique - résultats
Vous n’avez pas pris ce quiz